Разработка фотохимического метода разделения изотопов углерода; Известия вузов. Физика; Т. 53, № 11

Bibliografiske detaljer
Parent link:Известия вузов. Физика: научный журнал.— , 1957-
Т. 53, № 11.— 2010.— С. 177-180
Andre forfattere: Мышкин В. Ф. Вячеслав Фёдорович, Хромяк М. И. Михаил Иванович, Беспала Е. В. Евгений Владимирович, Ленский В. Н. Владимир Николаевич
Summary:Заглавие с экрана
Рассмотрена динамика состояния спинов радикальной пары кислород - углерод. Путем математического моделирования установлены оптимальные условия проведения экспериментов для получения максимального значения коэффициента разделения изотопов углерода
AM_Agreement
Sprog:russisk
Udgivet: 2010
Fag:
Online adgang:http://elibrary.ru/item.asp?id=15594291
Format: MixedMaterials Electronisk Book Chapter
KOHA link:https://koha.lib.tpu.ru/cgi-bin/koha/opac-detail.pl?biblionumber=636976

MARC

LEADER 00000naa0a2200000 4500
001 636976
005 20250409110836.0
035 |a (RuTPU)RU\TPU\network\1044 
035 |a RU\TPU\network\126 
090 |a 636976 
100 |a 20140422d2010 k||y0rusy50 ca 
101 0 |a rus 
102 |a RU 
135 |a drnn ---uucaa 
181 0 |a i  
182 0 |a b 
200 1 |a Разработка фотохимического метода разделения изотопов углерода  |f В. Ф. Мышкин [и др.] 
203 |a Текст  |c электронный  |b визуальный 
300 |a Заглавие с экрана 
320 |a Библиогр.: с. 180 (11 назв.) 
330 |a Рассмотрена динамика состояния спинов радикальной пары кислород - углерод. Путем математического моделирования установлены оптимальные условия проведения экспериментов для получения максимального значения коэффициента разделения изотопов углерода 
371 0 |a AM_Agreement 
461 1 |t Известия вузов. Физика  |o научный журнал  |d 1957- 
463 1 |t Т. 53, № 11  |v С. 177-180  |d 2010 
610 1 |a электронный ресурс 
610 1 |a труды учёных ТПУ 
610 1 |a углерод 
610 1 |a изотопы 
610 1 |a разделение 
610 1 |a радикалы 
610 1 |a ультрафиолет 
701 1 |a Мышкин  |b В. Ф.  |c физик  |c профессор Томского политехнического университета, доктор физико-математических наук  |f 1962-  |g Вячеслав Фёдорович  |3 (RuTPU)RU\TPU\pers\26858  |9 12476 
701 1 |a Хромяк  |b М. И.  |g Михаил Иванович 
701 1 |a Беспала  |b Е. В.  |c инженер-физик  |c доцент Томского политехнического университета, кандидат физико-математических наук  |f 1990-  |g Евгений Владимирович  |9 23116 
701 1 |a Ленский  |b В. Н.  |g Владимир Николаевич  |c специалист в области военного дела  |c преподаватель Томского политехнического университета  |f 1963-  |3 (RuTPU)RU\TPU\pers\32127  |9 16149 
801 2 |a RU  |b 63413507  |c 20160202  |g RCR 
856 4 |u http://elibrary.ru/item.asp?id=15594291  |z http://elibrary.ru/item.asp?id=15594291 
942 |c CF